Condorito: década de 1970, los mejores chistes
Guardat en:
| Autors principals: | , |
|---|---|
| Format: | Llibre |
| Idioma: | espanyol |
| Publicat: |
Santiago
Origo
2010
|
| Edició: | 1a. ed |
| Matèries: | |
| Etiquetes: |
Afegir etiqueta
Sense etiquetes, Sigues el primer a etiquetar aquest registre!
|
MARC
| LEADER | 00000cam a2200000 a 4500 | ||
|---|---|---|---|
| 001 | UCG3339 | ||
| 003 | CL-VaPUC | ||
| 008 | 100826e20100000CL |||||||||||||||||spa|d | ||
| 020 | |a 9789563160581 | ||
| 082 | 0 | 4 | |a 741 |b PEP |2 21 |
| 100 | 0 | |a Pepo |e author |9 552389 | |
| 700 | 0 | |a Ríos Boettiger, René |e author |9 552390 | |
| 245 | 1 | 0 | |a Condorito: década de 1970, los mejores chistes |
| 250 | |a 1a. ed | ||
| 300 | |a 95 p | ||
| 942 | |c BK | ||
| 945 | |d 20100826 00:00:00 |a cmena | ||
| 260 | |a Santiago |b Origo |c 2010 | ||
| 650 | 7 | |a HUMOR ADULTOS |2 CL-VaPUC |9 552391 | |
| 650 | 0 | |a Historietas |9 369533 | |
| 650 | 0 | |a Costumbres y tradiciones |9 268292 | |
| 650 | 0 | |a Humor gráfico |9 536655 | |
| 650 | 0 | |a Caricaturas |9 359381 | |
| 650 | 7 | |a HUMOR CHILENO |2 CL-VaPUC |9 552392 | |
| 650 | 7 | |a SATIRA Y HUMOR |2 CL-VaPUC |9 537445 | |
| 583 | |a last modification |c 20120717 10:09:40 |k Rodrigo Vera | ||
| 999 | |c 342410 |d 342408 | ||
| 952 | |0 0 |1 0 |4 0 |6 741_000000000000000_PEP_2010 |7 0 |8 C |9 438582 |a BIBCUR |b BIBCUR |d 2019-11-22 |i 4712811 |o 741 PEP 2010 |p 4712811 |r 2025-04-22 |w 2019-11-22 |y BK |k CAC | ||
| 952 | |0 0 |1 0 |4 0 |6 741_000000000000000_PEP_2010 |7 0 |8 X |9 438583 |a FDOBUD |b FDOBUD |d 2019-11-22 |i 4719077 |o 741 PEP 2010 |p 4719077 |r 2019-11-22 |w 2019-11-22 |y BK_X |k BUD | ||
| 952 | |0 0 |1 0 |4 0 |6 741_000000000000000_PEP_2010 |7 0 |8 A |9 438584 |a BIBING |b BIBING |d 2019-11-22 |i 4880846 |o 741 PEP 2010 |p 4880846 |r 2025-01-20 |w 2019-11-22 |y BK |k CUI | ||